[Event "Tarragona-ch"]
[Site "Tarragona"]
[Date "2003.??.??"]
[Round "3"]
[White "Ramirez Falo, Josep Luis"]
[Black "Albert Magro, Carlos"]
[Result "0-1"]
[WhiteElo "1985"]
[BlackElo "2105"]
[PlyCount "114"]
[EventDate "2003.??.??"]
[EventType "swiss"]
[EventRounds "9"]
[EventCountry "ESP"]
[SourceTitle "EXT 2007"]
[Source "ChessBase"]
[SourceDate "2006.11.23"]
[SourceVersion "1"]
[SourceVersionDate "2006.11.23"]
[SourceQuality "1"]

1. d4 Nf6 2. f3 d5 3. e4 dxe4 4. Nc3 Bf5 5. g4 Bg6 6. h4 Qd6 7. f4 h5 8. Nb5 Qd7 9. f5 Bh7 10. g5 Ng4 11. Bf4 Na6 12. Bc4 c6 13. g6 Bg8 14. gxf7+ Bxf7 15. Bxf7+ Kxf7 16. Nc3 Rd8 17. Nxe4 Qxf5 18. Ng5+ Kg6 19. N1h3 e5 20. Bd2 Re8 21. Qe2 Bd6 22. 0-0-0 exd4 23. Qc4 d3 24. Rhf1 Qd5 25. Qxd5 cxd5 26. cxd3 Rhf8 27. Nf4+ Bxf4 28. Bxf4 Ne3 29. Bxe3 Rxf1 30. Rxf1 Rxe3 31. Kd2 Rg3 32. Ne6 Nb4 33. Nf4+ Kh6 34. a3 Nc6 35. Nxd5 Ne5 36. Ne3 Nf3+ 37. Ke2 Nd4+ 38. Kd2 Rf3 39. Rh1 g5 40. hxg5+ Kxg5 41. Nc4 h4 42. Nd6 Kg4 43. Ne4 Nf5 44. Ke2 Ng3+ 45. Nxg3 Rxg3 46. Rh2 h3 47. Rf2 Rg2 48. Rxg2+ hxg2 49. Kf2 Kf4 50. b4 g1Q+ 51. Kxg1 Ke3 52. d4 Kxd4 53. Kf2 Kc4 54. Ke3 b5 55. Ke4 Kb3 56. Kd5 Kxa3 57. Kc5 Ka4 0-1

[Event "Tarragona-ch"]
[Site "Tarragona"]
[Date "2003.??.??"]
[Round "4"]
[White "Ramos Lor, Josep"]
[Black "Ramirez Falo, Josep Luis"]
[Result "1-0"]
[WhiteElo "2080"]
[BlackElo "1985"]
[PlyCount "85"]
[EventDate "2003.??.??"]
[EventType "swiss"]
[EventRounds "9"]
[EventCountry "ESP"]
[SourceTitle "EXT 2007"]
[Source "ChessBase"]
[SourceDate "2006.11.23"]
[SourceVersion "1"]
[SourceVersionDate "2006.11.23"]
[SourceQuality "1"]

1. e4 d5 2. exd5 Nf6 3. Bb5+ Bd7 4. Bc4 Bg4 5. f3 Bf5 6. g4 Bg6 7. Nc3 c6 8. f4 Be4 9. Nxe4 Nxe4 10. d3 Nf6 11. dxc6 Nxc6 12. g5 Nd5 13. c3 Nb6 14. Bb3 Qc7 15. Qf3 e5 16. Qg4 Bd6 17. Ne2 a5 18. a4 Nd7 19. f5 f6 20. Qh5+ Kd8 21. Qf7 Nc5 22. Qxc7+ Kxc7 23. Bc2 Rhe8 24. Ng3 Rad8 25. Be3 Bf8 26. 0-0-0 Rd7 27. gxf6 gxf6 28. Nh5 Rf7 29. Rhg1 b6 30. Rg2 Rd8 31. Rg4 Ne7 32. d4 Nd5 33. Bd2 Nb7 34. Bb3 Be7 35. dxe5 fxe5 36. f6 Bxf6 37. Nxf6 Nxf6 38. Rc4+ Kb8 39. Rc6 Rff8 40. Bh6 Rxd1+ 41. Bxd1 Nd8 42. Rd6 Rf7 43. Rxd8+ 1-0

[Event "Tarragona-ch"]
[Site "Tarragona"]
[Date "2003.??.??"]
[Round "2"]
[White "Rel Cartoixa, Eduard"]
[Black "Ramirez Falo, Josep Luis"]
[Result "1-0"]
[WhiteElo "2000"]
[BlackElo "1985"]
[PlyCount "61"]
[EventDate "2003.??.??"]
[EventType "swiss"]
[EventRounds "9"]
[EventCountry "ESP"]
[SourceTitle "EXT 2007"]
[Source "ChessBase"]
[SourceDate "2006.11.23"]
[SourceVersion "1"]
[SourceVersionDate "2006.11.23"]
[SourceQuality "1"]

1. d4 f5 2. c4 Nf6 3. g3 e6 4. Bg2 Be7 5. Nc3 d5 6. Nh3 0-0 7. 0-0 c6 8. f3 dxc4 9. a4 c5 10. dxc5 Bxc5+ 11. Kh1 e5 12. Qc2 Nc6 13. e4 Nd4 14. Qb1 fxe4 15. Nxe4 Nxe4 16. Qxe4 Qd6 17. f4 Bxh3 18. Bxh3 Nc6 19. Qxc4+ Kh8 20. Rb1 Bb6 21. b4 a6 22. fxe5 Nxe5 23. Qe4 Rxf1+ 24. Bxf1 Re8 25. Bf4 Qc6 26. Qxc6 bxc6 27. Bxa6 h6 28. Re1 Bd4 29. Bb7 c5 30. bxc5 Bxc5 31. Rxe5 1-0

[Event "Tarragona Province-ch 45th"]
[Site "Tarragona"]
[Date "2002.10.13"]
[Round "2"]
[White "Ramirez Falo, Josep Luis"]
[Black "Reig Pinol, Armand"]
[Result "0-1"]
[WhiteElo "2030"]
[BlackElo "2102"]
[PlyCount "33"]
[EventDate "2002.11.02"]
[EventType "swiss"]
[EventRounds "8"]
[EventCountry "ESP"]
[SourceTitle "CBM 091 Extra"]
[Source "ChessBase"]
[SourceDate "2003.01.09"]
[SourceVersion "1"]
[SourceVersionDate "2003.01.09"]
[SourceQuality "1"]

1. d4 d6 2. e4 g6 3. c4 e5 4. d5 f5 5. exf5 Bxf5 6. Ne2 Bg7 7. Ng3 Bd7 8. Bd3 Nf6 9. 0-0 0-0 10. Nc3 a5 11. Bg5 Qe8 12. Qd2 Na6 13. Rae1 Qc8 14. Nce4 Nxe4 15. Nxe4 Bf5 16. Bh6 Qd7 17. f4 0-1